| 000 | 00841nam a22002177a 4500 | ||
|---|---|---|---|
| 999 |
_c13726 _d13726 |
||
| 003 | AR-CdUCM | ||
| 008 | 190416b ||||| |||| 00| 0 spa d | ||
| 040 |
_aMUNICIPALIDAD PROVINCIAL DEL CUSCO _cBIBLIOTECA MUNICIPAL DEL CUSCO |
||
| 082 |
_26ed. _aC / 150 / _bV28 |
||
| 100 |
_aVargas, Isaias _926455 |
||
| 245 | _aPsicología para el cuarto año de instrucción media / | ||
| 260 |
_aCuzco : _bTip. liga sagrada, _c1944. |
||
| 300 |
_a80 páginas ; _c21 cm. |
||
| 440 |
_aFilosofía elemental ; _932239 |
||
| 505 | _aContenido: Dominio de la psicología -- La conciencia -- La vida psíquica extraconsciente -- La vida activa -- La conducta habitual -- La voluntad ... | ||
| 650 |
_aPsicología científica _932240 |
||
| 650 |
_aVida psíquica _925699 |
||
| 650 |
_aConciencia _911784 |
||
| 942 |
_2ddc _cLIBROS |
||
| 945 |
_aacv _d2019-04-16 |
||